| 000 | 01040pam a2200301 a 4500 | ||
|---|---|---|---|
| 003 | data | ||
| 005 | 20260322212022.0 | ||
| 008 | data | ||
| 010 | _a00020431 | ||
| 020 | _a078946988X (lib.) | ||
| 020 | _a0789463024 | ||
| 020 | _a9780789463029 | ||
| 020 | _a9780789469885 (lib.) | ||
| 040 |
_aDLC _cDLC _dOUN _dOUN |
||
| 043 | _an-us--- | ||
| 050 | 0 | 0 |
_aE468 _b.S795 2000 |
| 092 | _a973.7 S795 2000 | ||
| 100 | 1 | _aStanchak, John E. | |
| 245 | 1 | 0 |
_aCivil War / _cJohn E. Stanchak. |
| 250 | _a1st American ed. | ||
| 260 |
_aNew York : _bDorling Kindersley Pub., _cc2000. |
||
| 300 |
_a64 p. : _bill. (some col.), 1 col. map ; _c29 cm. |
||
| 440 | 0 | _aDK eyewitness books. | |
| 500 | _aIncludes index. | ||
| 520 | _aExamines many aspects of the Civil War, including the issue of slavery, secession, the raising of armies, individual battles, the commanders, Northern life, Confederate culture, the surrender of the South, and the aftermath. | ||
| 651 | 0 |
_aUnited States _xHistory _yCivil War, 1861-1865 _vJuvenile literature. |
|
| 001 | data | ||
| 999 |
_c495 _d495 |
||